[Event "London Classic op 7th"]
[Site "London"]
[Date "2015.12.06"]
[Round "4"]
[White "Shah, Dipak K"]
[Black "Opasiak, Dustin Tennessee"]
[Result "1-0"]
[WhiteElo "1837"]
[BlackElo "1782"]
[PlyCount "49"]
[EventDate "2015.12.04"]
[EventType "swiss"]
[EventRounds "9"]
[EventCountry "ENG"]
[SourceTitle "CBM 169 Extra"]
[Source "ChessBase"]
[SourceDate "2015.12.18"]
[SourceVersion "1"]
[SourceVersionDate "2015.12.18"]
[SourceQuality "1"]

1. e4 e6 2. d4 d5 3. exd5 exd5 4. Nf3 Nf6 5. h3 Bd6 6. Bd3 0-0 7. 0-0 h6 8. c3 c6 9. Be3 Re8 10. Re1 a5 11. Qd2 Nbd7 12. Kf1 Ne4 13. Qc2 Ndf6 14. Nbd2 Bf5 15. c4 dxc4 16. Nxc4 Bb4 17. Re2 Nd5 18. Nce5 Ndf6 19. g4 Bh7 20. Qb3 Qe7 21. g5 Nd5 22. gxh6 Nxe3+ 23. Rxe3 Nxf2 24. Kxf2 Bxd3 25. Qxd3 1-0

[Event "London Classic op 6th"]
[Site "London"]
[Date "2014.12.14"]
[Round "8"]
[White "Shah, Dipak K"]
[Black "Siddiqui, Nida Mishraz"]
[Result "1-0"]
[WhiteElo "1873"]
[BlackElo "1636"]
[PlyCount "75"]
[EventDate "2014.12.08"]
[EventType "swiss"]
[EventRounds "9"]
[EventCountry "ENG"]
[SourceTitle "CBM 163 Extra"]
[Source "ChessBase"]
[SourceDate "2014.12.23"]
[SourceVersion "1"]
[SourceVersionDate "2014.12.23"]
[SourceQuality "1"]

1. e4 e5 2. Nf3 Nc6 3. Bc4 Bc5 4. d3 d6 5. h3 Nf6 6. Nc3 0-0 7. Bg5 Na5 8. Nd5 Nxc4 9. dxc4 Be6 10. Nxf6+ gxf6 11. Bh6 Re8 12. Nh4 f5 13. Qh5 Qf6 14. exf5 Bxf5 15. Nxf5 e4 16. Qg4+ Qg6 17. Be3 Re5 18. Bxc5 dxc5 19. Qxg6+ hxg6 20. Ne3 f5 21. 0-0-0 f4 22. Ng4 Re7 23. Rhe1 Kg7 24. Rd5 b6 25. Re5 Rae8 26. Rxe7+ Rxe7 27. h4 c6 28. g3 e3 29. gxf4 exf2 30. Rxe7+ Kf8 31. Nxf2 Kxe7 32. Kd2 Ke6 33. Ke3 Kf5 34. Kf3 a6 35. Nd3 b5 36. cxb5 c4 37. bxa6 cxd3 38. cxd3 1-0

[Event "London Classic op 6th"]
[Site "London"]
[Date "2014.12.12"]
[Round "5"]
[White "Shah, Dipak K"]
[Black "Haddock, Paul"]
[Result "0-1"]
[WhiteElo "1873"]
[BlackElo "1648"]
[PlyCount "86"]
[EventDate "2014.12.08"]
[EventType "swiss"]
[EventRounds "9"]
[EventCountry "ENG"]
[SourceTitle "CBM 163 Extra"]
[Source "ChessBase"]
[SourceDate "2014.12.23"]
[SourceVersion "1"]
[SourceVersionDate "2014.12.23"]
[SourceQuality "1"]

1. d4 Nf6 2. c4 g6 3. Nc3 Bg7 4. e4 d6 5. Bd3 0-0 6. Nf3 e5 7. d5 a5 8. 0-0 Na6 9. h3 Nc5 10. Bc2 h6 11. Be3 b6 12. a3 a4 13. Bxc5 bxc5 14. Bxa4 Nh5 15. Bc6 Rb8 16. Rb1 f5 17. b4 cxb4 18. Rxb4 Rxb4 19. axb4 Qf6 20. Nd2 f4 21. Nf3 Bh8 22. Nb5 Qe7 23. Qa4 g5 24. Nh2 f3 25. g4 Nf4 26. Nxf3 Nxh3+ 27. Kg2 Nf4+ 28. Kg3 Ne2+ 29. Kg2 Bxg4 30. Nh2 Nf4+ 31. Kh1 Bh3 32. Qa7 Bxf1 33. Nxf1 Qf7 34. Ng3 Ne2 35. Nf5 Qh5+ 36. Kg2 Nf4+ 37. Kg1 Qg4+ 38. Ng3 Nh3+ 39. Kg2 h5 40. Nxc7 h4 41. Ne6 Rxf2+ 42. Qxf2 Nxf2 43. Kxf2 Qxg3+ 0-1

[Event "London Classic op 5th"]
[Site "London"]
[Date "2013.12.07"]
[Round "1"]
[White "Shah, Dipak K"]
[Black "Chapman, Terry PD"]
[Result "0-1"]
[WhiteElo "1886"]
[BlackElo "2309"]
[PlyCount "72"]
[EventDate "2013.12.07"]
[EventType "swiss"]
[EventRounds "9"]
[EventCountry "ENG"]
[SourceTitle "CBM 157 Extra"]
[Source "ChessBase"]
[SourceDate "2013.12.19"]
[SourceVersion "1"]
[SourceVersionDate "2013.12.19"]
[SourceQuality "1"]

1. e4 c5 2. Nf3 e6 3. d4 cxd4 4. Nxd4 Nc6 5. c3 Qc7 6. Be2 Nf6 7. Bf3 Ne5 8. b3 a6 9. Bb2 b5 10. Qe2 Bb7 11. Nd2 Nxf3+ 12. N4xf3 Be7 13. 0-0 0-0 14. h3 Rac8 15. Rac1 Qf4 16. Rfe1 d5 17. e5 Ne4 18. b4 Rfe8 19. Qe3 Qxe3 20. Rxe3 Nxd2 21. Nxd2 d4 22. cxd4 Rxc1+ 23. Bxc1 Rc8 24. Nb3 Bxb4 25. Re2 Bd5 26. Be3 Rc3 27. Nc5 Ra3 28. Bc1 Rxa2 29. Rxa2 Bxa2 30. Nxa6 Bc3 31. Nc7 Bc4 32. Be3 b4 33. d5 exd5 34. e6 fxe6 35. Nxe6 b3 36. Nd4 b2 0-1

[Event "London e2e4 Diamond Jubilee op-C"]
[Site "London"]
[Date "2012.06.04"]
[Round "5"]
[White "Slade, Theodore"]
[Black "Shah, Dipak K"]
[Result "1-0"]
[WhiteElo "1806"]
[BlackElo "1929"]
[PlyCount "42"]
[EventDate "2012.06.02"]
[EventType "swiss"]
[EventRounds "7"]
[EventCountry "ENG"]
[SourceTitle "EXT 2014"]
[Source "ChessBase"]
[SourceDate "2013.11.20"]
[SourceVersion "1"]
[SourceVersionDate "2013.11.20"]
[SourceQuality "1"]

1. e4 e5 2. Nf3 Nc6 3. Bc4 Nf6 4. d4 Be7 5. dxe5 Nxe4 6. Qd5 0-0 7. Qxe4 Nb4 8. 0-0 d5 9. exd6 Bxd6 10. Bg5 Re8 11. Qh4 Qd7 12. Bb3 Qf5 13. Nd4 Qg6 14. a3 Na6 15. Nc3 Nc5 16. Rfe1 Bd7 17. Bf4 Ne4 18. Bxd6 Nxc3 19. Bxc7 Ne4 20. Bd5 Bc6 21. Nxc6 Nf6 1-0